| 000 | 00723cam a2200217 4500 | ||
|---|---|---|---|
| 001 | WB3623-36 | ||
| 008 | 000000n2000 000 0 eng u | ||
| 035 | _a(Sirsi) u106488 | ||
| 245 | _aTram networks | ||
| 260 | _c2000 | ||
| 490 |
_aFinancial Times _v15 June 2000, 4(1) |
||
| 520 | _aGovernment is to invest billions of pounds into reviving tram and light railway networks in Britain's towns and cities. The funding will form part of a ten year transport plan to be launched in the summer. | ||
| 590 | _aWB | ||
| 650 | _aLIGHT RAILWAYS | ||
| 650 | _aTRAMS | ||
| 650 | _aTRANSPORT POLICY | ||
| 650 | _aTRAFFIC CONGESTION | ||
| 650 | _aPUBLIC TRANSPORT | ||
| 690 | _aTRANSPORT AND COMMUNICATIONS | ||
| 942 | _n0 | ||
| 999 |
_c63792 _d63792 |
||